| 000 | 00981naa a22002657a 4500 | ||
|---|---|---|---|
| 001 | BR8305063 | ||
| 003 | BR-BrBNA | ||
| 005 | 20240918175333.0 | ||
| 007 | ta | ||
| 008 | 230509b bl.||||| |||| 00| 0 por d | ||
| 040 |
_aBR-BrBNA _bpor _cBiblioteca Nacional de Agricultura |
||
| 041 | _a(Pt) | ||
| 072 | _aF40 | ||
| 090 | _aF40 BR8305063 | ||
| 100 | 1 | _aStrehl, T. | |
| 111 | 1 |
_a34. Congresso Nacional de Botanica _cPorto Alegre, RS (Brazil) _d27 Jan 1983 |
|
| 245 | 1 | _aInfluencia do ambiente sobre a biologia das plantas | |
| 260 | 3 |
_aPorto Alegre, RS (Brasil): _c1983. |
|
| 500 | _aAnais do 34. Congresso Nacional de Botanica, v. 1 - Simposios Porto Alegre, RS (Brasil): 1983. p. 111-114 (BR8305063-AM)F40 | ||
| 650 | _aBIOLOGIA VEGETAL | ||
| 650 | _aMEIO AMBIENTE | ||
| 773 | 0 |
_tAnais do 34. Congresso Nacional de Botanica, v. 1 - Simposios _wF40 BR8305063 _gPorto Alegre, RS (Brasil), 1983. p. 111-114 |
|
| 909 |
_a202404 _bLucia _c55 _dLucia Elande |
||
| 942 |
_cAM _2AGRIS |
||
| 999 |
_c316210 _d316210 |
||